<?xml version="1.0" encoding="UTF-8"?>
<record
    xmlns:xsi="http://www.w3.org/2001/XMLSchema-instance"
    xsi:schemaLocation="http://www.loc.gov/MARC21/slim http://www.loc.gov/standards/marcxml/schema/MARC21slim.xsd"
    xmlns="http://www.loc.gov/MARC21/slim">

  <leader>01684nam a22002657a 4500</leader>
  <controlfield tag="003">OSt.</controlfield>
  <controlfield tag="005">20250710125331.0</controlfield>
  <controlfield tag="008">231218b        |||||||| |||| 00| 0 eng d</controlfield>
  <datafield tag="020" ind1=" " ind2=" ">
    <subfield code="a">9789583043543</subfield>
  </datafield>
  <datafield tag="037" ind1=" " ind2=" ">
    <subfield code="3">Donaci&#xF3;n </subfield>
  </datafield>
  <datafield tag="040" ind1=" " ind2=" ">
    <subfield code="a">CO-JMCR </subfield>
    <subfield code="c">CO-JMCR </subfield>
    <subfield code="d">CO-JMCR </subfield>
    <subfield code="e">rda</subfield>
  </datafield>
  <datafield tag="041" ind1=" " ind2=" ">
    <subfield code="a">spa</subfield>
  </datafield>
  <datafield tag="082" ind1=" " ind2=" ">
    <subfield code="a">N </subfield>
    <subfield code="b">LEAh</subfield>
  </datafield>
  <datafield tag="100" ind1=" " ind2=" ">
    <subfield code="a">Leal Quevedo, Francisco</subfield>
    <subfield code="e">autor</subfield>
    <subfield code="9">10005</subfield>
  </datafield>
  <datafield tag="245" ind1=" " ind2=" ">
    <subfield code="a">El huevo del fin del mundo / </subfield>
    <subfield code="c">Francisco Leal Quevedo; ilustraciones Helena Melo Tovar</subfield>
  </datafield>
  <datafield tag="260" ind1=" " ind2=" ">
    <subfield code="a">Bogot&#xE1; : </subfield>
    <subfield code="b">Panamericana, </subfield>
    <subfield code="c">2014</subfield>
  </datafield>
  <datafield tag="300" ind1=" " ind2=" ">
    <subfield code="a">205 p&#xE1;ginas ; </subfield>
    <subfield code="b">Ilustraciones a color </subfield>
    <subfield code="c">20 cm </subfield>
  </datafield>
  <datafield tag="520" ind1=" " ind2=" ">
    <subfield code="a">"Las nieves perpetuas del Fin del Mundo parecen estar llenas de grandes sorpresas. Con frecuencia ocurren all&#xED; fascinantes descubrimientos cient&#xED;ficos. Soler decide explorarlas, luego de una gran tormenta que ha sacudido las entra&#xF1;as de la tierra. De pronto, oculto entre las rocas, encuentra un extra&#xF1;o huevo que parece estar incubando un ins&#xF3;lito ser vivo. &#xBF;Le traer&#xE1; su descubrimiento fama y fortuna? &#xBF;Qu&#xE9; saldr&#xE1; de ese huevo: un ave, un insecto, un reptil? &#xBF;O quiz&#xE1;s un dinosaurio? Soler y su abuelo quieren adivinarlo antes de que sea demasiado tarde. S&#xFA;bitamente las fascinantes pesquisas toman un rumbo inesperado. &#xBF;Han regresado animales que hab&#xED;an desaparecido de la faz del planeta? Tras el hallazgo hay otras personas interesadas en aprovechar el gran descubrimiento que ocurrir&#xE1; pronto..."</subfield>
  </datafield>
  <datafield tag="521" ind1=" " ind2=" ">
    <subfield code="a">Infantil </subfield>
  </datafield>
  <datafield tag="650" ind1=" " ind2=" ">
    <subfield code="2">JMCR</subfield>
    <subfield code="a">Cuentos juveniles </subfield>
    <subfield code="y">Colombia</subfield>
    <subfield code="9">43062</subfield>
  </datafield>
  <datafield tag="650" ind1=" " ind2=" ">
    <subfield code="2">JMCR</subfield>
    <subfield code="a">Novela infantil Colombiana </subfield>
    <subfield code="9">6541</subfield>
  </datafield>
  <datafield tag="650" ind1=" " ind2=" ">
    <subfield code="2">JMCR</subfield>
    <subfield code="a">Fantasia</subfield>
    <subfield code="v">Novela </subfield>
    <subfield code="9">43063</subfield>
  </datafield>
  <datafield tag="700" ind1=" " ind2=" ">
    <subfield code="a">Fonseca Leal, Raquel Mireya</subfield>
    <subfield code="e">Ilustrador</subfield>
    <subfield code="9">41866</subfield>
  </datafield>
  <datafield tag="942" ind1=" " ind2=" ">
    <subfield code="2">ddc</subfield>
    <subfield code="c">BK</subfield>
  </datafield>
  <datafield tag="999" ind1=" " ind2=" ">
    <subfield code="c">30472</subfield>
    <subfield code="d">16856</subfield>
  </datafield>
  <datafield tag="952" ind1=" " ind2=" ">
    <subfield code="0">0</subfield>
  </datafield>
</record>
